Responses for Show #7111 - Monday, July 13, 2015

Contestants

[<< previous game]

Lauren Donahoo, a tutor and recreation facilitator from Chicago, Illinois

Phil Salathé, a teacher and composer from Rocky Point, New York

H.B. Taylor, a collaboration solution specialist from McKinney, Texas (whose 1-day cash winnings total $23,201)

[next game >>]

Jeopardy! Round responses

HISTORIC HANDSHAKES
TOYS "R" US
D.C.-AREA LANDMARKS
REALITY TV HOSTS
(Alex: Then we'll gave you the [*]. You name the reality competition show currently hosted by those people.)
COMPARING
APPLES & ORANGES
    $200 26
Clinton

H.B.
    $200 1
a Rubik's Cube

Lauren
    $200 21
the Tomb of the Unknown Soldier

Phil
    $200 6
American Idol

Lauren
    $200 11
(Phil: What is greatest?)

shortest

PhilLauren
    $200 16
a liqueur

Phil
    $1,000 27
the Shah of Iran (Shah Mohammad Reza Pahlavi)

H.B.
    $400 5
Raggedy Ann

Phil
    $400 22
the Capitol Building

Phil
    $400 7
Dancing with the Stars

Lauren
    $400 12
elder

Lauren
    $400 17
Martinelli's

Lauren
    $600 28
the Beatles

Phil
    $600 4
Rock 'Em Sock 'Em Robots

H.B.
    $600 23
the Mall

Phil
    $600 8
(H.B.: Sorry, drew a blank.)

Top Chef

H.B.Lauren
    $600 13
(Alex: "Who's the [*] one of all?")

fairest

Phil
    $600 18
the Gala

Phil
    $800 29
(Neville) Chamberlain

Phil
    $800 2
Radio Flyer

Lauren
    $800 24
the Folger

Lauren
    $800 9
(Alex: Yes. You're on a roll.)

America's Got Talent

Lauren
    $800 14
(H.B.: What is badder?)
...
(Alex: "The bigger they come, the [*] they fall.")

harder

H.B.Lauren
    $800 19
Israel

Triple Stumper
    $1000 30
Apollo & Soyuz

H.B.
    $1000 3
roller skates

H.B.
    $1000 25
(Alex: And that famous American is [*]. Lauren, one category still in play with a minute to go.)

Martin Luther King, Jr.

Triple Stumper
    $1000 10
(Alex: Hey, you know your reality TV hosts.)
[Applause for Lauren's run of the category]
(Alex: Well done. You're up to $4,000.)

The Bachelor

Lauren
    $1000 15
(Alex: [To Lauren] ...and you are off to a tremendous start. $6,400 for you as we come to our first break for these messages. Stay with us, please. Watch her go.)

Bluest

Lauren
    $1000 20
a blood orange

Lauren

Scores at the first commercial break (after clue 15):

H.B. Phil Lauren
$200 $800 $6,400

Scores at the end of the Jeopardy! Round:

H.B. Phil Lauren
$2,400 $4,200 $8,600

Double Jeopardy! Round responses

THE BEGINNING OF THE PLAY
A GLOBAL CATEGORY
MOVIE MUSIC
"ROID" RAGE
ARTISTS & THEIR SUBJECTS
(Alex: And finally, fans of this show from two or three decades ago will love this category...)
RETURN OF THE WOOD
    $400 18
Amadeus

Phil
    $400 17
the Alps

Lauren
    $400 7
Armageddon

Phil
    $400 1
an asteroid

Phil
    $400 24
Venus

Phil
    $400 23
(H.B.: What's an insulator?)
(Phil: What is a pole?)

a ladder

H.B.Phil
Triple Stumper
    $800 21
The Tempest

Lauren
    $800 16
Trafalgar Square

Lauren
    $800 8
Dr. Zhivago

Phil
    $800 6
android

H.B.
    $800 30
(Lauren: Who is Renoir?)

Monet

Lauren
Triple Stumper
    $800 26
the Argo

Phil
    $2,400 20
The Crucible

Phil
    $1200 13
Tijuana

Phil
    $1200 9
"Gangsta's Paradise"

H.B.
    $1200 4
embroider

Phil
    $1200 27
George Sand

H.B.
    $1200 11
the cedar

Triple Stumper
    $1600 19
Twelve Angry Men

Phil
    $1600 14
the Gobi

H.B.
    $1600 5
Arthur

Phil
    $1600 2
the thyroid

Phil
    $1600 28
(Lauren: Who is Winslow Homer?)

Andrew Wyeth

Lauren
Triple Stumper
    $1600 12
gopher wood

Triple Stumper
    $2000 22
Wit

Triple Stumper
    $2000 15
Costa Rica

Phil
    $2000 10
(H.B.: What's Halloween?)

The Exorcist

H.B.Phil
    $2000 3
nonsteroidal

Phil
    $4,800 29
(H.B.: Who is... Reynolds?)
...
(Alex: ...who made the other number better known as "Whistler's Mom".)

James Abbott McNeill Whistler

H.B.
    $2000 25
a carpenter

Lauren

Scores at the end of the Double Jeopardy! Round:

H.B. Phil Lauren
$0 $22,600 $10,200
(lock game)

[wagering suggestions for these scores]

Final Jeopardy! Round responses

AMERICAN PRODUCTS
(Alex: [To Phil] The American product is that little pad that's so useful in the kitchen--[*]. A [*] pad. Brilliant. [*].)
LaurenWhat is Sparkle?
$2
PhilWhat is Lysol?
$0
Brillo

Final scores:

H.B. Phil Lauren
$0 $22,600 $10,198
3rd place: $1,000 New champion: $22,600 2nd place: $2,000

Game dynamics:

Coryat scores:

H.B. Phil Lauren
$4,200 $21,400 $10,200
9 R
(including 1 DD),
5 W
(including 1 DD)
24 R
(including 1 DD),
2 W
18 R,
2 W

Combined Coryat: $35,800

[game clues] [game scores] [suggest correction]

Game tape date: 2015-04-20
The J! Archive is created by fans, for fans. Scraping, republication, monetization, and malicious use prohibited; this site may use cookies and collect identifying information. See terms. The Jeopardy! game show and all elements thereof, including but not limited to copyright and trademark thereto, are the property of Jeopardy Productions, Inc. and are protected under law. This website is not affiliated with, sponsored by, or operated by Jeopardy Productions, Inc. Join the discussion at JBoard.tv.